000
00328nam a22001457a 4500
003
OSt
008
250516b |||||||| |||| 00| 0 eng d
100
_a
ARYA, Mange Ram
245
_a
chaturvedamrit Ras
250
_a
2nd
260
_a
New Delhi
_b
Arya Prakashan
_c
2002
300
_a
176
650
_a
General
942
_2
ddc
_c
BK
999
_c
13583
_d
13583